| 000 | 00975cam a2200277 a 4500 | ||
|---|---|---|---|
| 001 | 735916 | ||
| 003 | NUST - PNEC | ||
| 005 | 20170116181040.0 | ||
| 008 | 980811s1998 vaua b 001 0 eng d | ||
| 010 | _a 98194778 | ||
| 020 | _a1563472759 | ||
| 040 | _cLIBRARY | ||
| 082 | 0 | 0 | _a623.4519 FRA |
| 100 | 2 |
_aBen-Asher, Joseph Z., _d1955- |
|
| 245 | 1 | 0 |
_aAdvances in missile guidance theory / _cJoseph Z. Ben-Asher and Isaac Yaesh. |
| 260 |
_aReston, Va. : _bAmerican Institute of Aeronautics and Astronautics, _cc1998. |
||
| 300 |
_ax, 200 p. : _bill. ; _c24 cm. + |
||
| 440 | 0 |
_aProgress in astronautics and aeronautics ; _vv. 180 |
|
| 504 | _aIncludes bibliographical references and index. | ||
| 650 | 0 |
_aGuided missiles _xMIS |
|
| 650 | 0 |
_aBallistic missiles _xGuidance systems. |
|
| 700 | 1 | _aYaesh, Isaac. | |
| 906 |
_a7 _bcbc _ccopycat _d2 _encip _f19 _gy-gencatlg |
||
| 942 |
_2ddc _cBK |
||
| 999 |
_c68064 _d68064 |
||